The Mystics of Islam (Record no. 9438)

MARC details
000 -LEADER
fixed length control field 00589nam a2200241 a 4500
020 ## - INTERNATIONAL STANDARD BOOK NUMBER
ISBN 0140191682
082 00 - DEWEY DECIMAL CLASSIFICATION NUMBER
Classification number 297.4
Author Cutter NIC7
100 ## - MAIN ENTRY--AUTHOR NAME
Author name Nicholson, Reynold A
245 ## - TITLE STATEMENT
Title The Mystics of Islam
260 ## - PUBLICATION, DISTRIBUTION, ETC. (IMPRINT)
Place of publication New Delhi
Name of publisher Penguin Books
Year of publication 1975
300 ## - PHYSICAL DESCRIPTION
Number of Pages 178p
500 ## - GENERAL NOTE
General note includes index and biblioraphy
505 2# - FORMATTED CONTENTS NOTE
Formatted contents note Index
650 ## - SUBJECT ADDED ENTRY--TOPICAL TERM
Topical Term Islam-Mysticism
942 ## - ADDED ENTRY ELEMENTS (KOHA)
Koha item type Books
700 1# -
-- Nicholson, Reynold A
Holdings
Home library Current library Date acquired Cost, normal purchase price Full call number Accession Number Koha item type Shelving location
Henry Martyn Institute Library Henry Martyn Institute Library 04/10/2008 150.00 297.4 NIC7 015264 Books  
Henry Martyn Institute Library Henry Martyn Institute Library 06/27/2019   297.4 NIC7 01664 E-Books General stacks
                   Copyright © 2026 | Henry Martyn Institute | Hyderabad | TS-500052 | INDIA | Implemented by hmi.edu.in
Hit-Count:

Powered by Koha